000 00872nam a2200217 i 4500
001 170996
003 ES-MaACL
005 20230906214520.0
008 090421s1898 fr |||| | fre d
080 _a782.1
100 1 _aMontorgueil, Georges.
_9139876
245 1 3 _aLa cloche du Rhin
_b: drame lyrique en trois actes /
_cGeorges Montorgueil & P.-B.Gheusi ; musique de Samuel Rousseau.
260 _aParis :
_bErnest Flammarion,
_c[1898?]
300 _a52 p., [2] p. de lám., [7] h. de lám. ;
_c19 cm.
500 _aReprésenté pour la première fois au théatre national de l'Opéra (mai1898)
599 _aLám.: Dessins de Bianchini et de Amable.
650 4 _aÓperas-
_vLibretos.
_9137584
700 1 _aGheusi, Pierre-Barthélemy.
_9139877
700 1 _aRousseau, Samuel.
_9139878
852 4 _aES-MaACL
_jE-12587
_z. - Biblioteca Jacinto Martínez Lacalle
999 _c170996
_d170996